000 nam a22 7a 4500
999 _c8675
_d8675
008 180118b ||||| |||| 00| 0 eng d
100 _aSharma. V
_95038
245 _aMap Reflection
260 _aNew Delhi
_bPrachi Publication
_c2008